• 首页
  • 本馆介绍
  • 公告通知
  • 最新文献
  • 馆藏检索
  • 电子资源
  • 读者导购
  • 参考咨询
  • 我的图书馆
  • 登录
  • 详细信息显示
  • 放入我的书架
  • 预约/预借图书
  • 作者相关作品
  • 分类相关作品
  • 丛书相关作品
  • 出版社相关作品

书目信息

  • 表格格式
  • 工作单格式
  • 卡片格式
题名:
药学综合知识与技能
    
 
作者: 金宇 总主编 ;崔秀彦 , 张红 主编
分册:  
出版信息: 北京   军事医学科学出版社  2007.06
页数: 92页
开本: 26cm
丛书名: 国家执业药师资格考试历年考题纵览丛书
单 册:
中图分类: R9-44 , R9
科图分类:
主题词: 药物学--考核--试题 , 药物学
电子资源:
ISBN: 978-7-80121-914-5
000 01061nam0 2200301 450
001 003542651
005 20110114150855.0
010    @a978-7-80121-914-5@dCNY15.00
100    @a20070608d2007 em y0chiy50 ea
101 0  @achi
102    @aCN@b110000
105    @ay q 000yy
200 1  @a药学综合知识与技能@Ayao xue zong he zhi shi yu ji neng@b专著@f金宇总主编@g崔秀彦,张红主编@9guo jia zhi ye yao shi zi ge kao shi li nian kao ti zong lan cong shu
210    @a北京@c军事医学科学出版社@d2007.06
215    @a92页@d26cm
225 2  @a国家执业药师资格考试历年考题纵览丛书
330    @a本书紧扣2007年国家执业药师资格考试新大纲,通过剖析执业药师考试历年真题,并配有相关练习题,帮助考生顺利过关。
410  0 @12001 @a国家执业药师资格考试历年考题纵览丛书
606 0  @a药物学@x考核@x试题
606 0  @a药物学
690    @aR9-44@v5
690    @aR9@v5
701  0 @a金宇@4总主编@9jin yu
702  0 @a崔秀彦@4主编@9cui xiu yan
702  0 @a张红@c(药物)@4主编@9zhang hong
905    @aBZT@dR9@e22
906    @dCNY15.00@n0@r1
SYS    @0@0@003542651
    
    药学综合知识与技能/金宇总主编/崔秀彦,张红主编.-北京:军事医学科学出版社,2007.06
    92页;26cm.-(国家执业药师资格考试历年考题纵览丛书)
    
    
    ISBN 978-7-80121-914-5:CNY15.00
    本书紧扣2007年国家执业药师资格考试新大纲,通过剖析执业药师考试历年真题,并配有相关练习题,帮助考生顺利过关。
●
相关链接 在五车中查询图书 在当当中查询图书 在豆瓣中查询图书


正题名:药学综合知识与技能     索取号:R9/22         预约/预借

序号 登录号 条形码 馆藏地/架位号 状态 备注
1 785923   2000785923   中心书库中库/ 中库015架A面2列3层11/ [索取号:R9/22] 在馆    
2 785924   2000785924   中心书库中库/ 中库015架A面2列3层12/ [索取号:R9/22] 在馆    
3 785925   2000785925   中心书库中库/ 中库015架A面2列3层13/ [索取号:R9/22] 在馆    
4 785926   2000785926   中心书库中库/ 中库015架A面2列3层33/ [索取号:R9/22] 在馆    
5 785927   2000785927   中心书库中库/ 中库015架A面2列3层14/ [索取号:R9/22] 在馆    
6 785928   2000785928   中心书库中库/ 中库015架A面2列3层32/ [索取号:R9/22] 在馆    
山东省滨州职业学院图书馆 欢迎您!
大连网信软件有限公司© 版权所有